000 00690nam a2200205Ia 4500
003 GCL
008 140319s9999 xx 000 0 ara d
020 _a2755810977
040 _aGCL /
_cGCL
082 0 4 _a191
_bح هـ
100 1 _aحسن حنفى
245 1 0 _aهموم الفكر والوطن :
_bالفكر العربى المعاصر-التراث و العصر و الحداثة /
_cحسن حنفى
260 _aالقاهرة :
_bدار قباء للطباعة والنشر والتوزيع ،
_c1998
300 _a2 مج
490 _a
650 0 4 _aالفلسفة
650 0 4 _aالفلسفة العربية
650 0 4 _aالثقافة العربية
942 _2ddc
_cBK
999 _c52246
_d52246